| 000 | 01180 a2200373 4500 | ||
|---|---|---|---|
| 999 |
_c200128595 _d37432 |
||
| 001 | 200128595 | ||
| 003 | TR-AnTOB | ||
| 005 | 20231129161306.0 | ||
| 008 | 140704s2000 tu 000 0 | ||
| 020 | _a9759555115 | ||
| 040 |
_aTR-AnTOB _cTR-AnTOB _beng _erda |
||
| 041 | _atur | ||
| 050 | 0 |
_aTC157 _b.M4719 2000 |
|
| 090 | _aTC157 .M4719 2000 | ||
| 100 | 1 |
_aMerkle, D. _986778 |
|
| 245 | 1 | 0 |
_aHidrolik : _btemel seviye TP 501 öğretim kitabı / _cD. Merkle, B.Schrader ,Karcı, H.. |
| 264 | 1 |
_aİstanbul: _bFesto Sanayi, _c2000 |
|
| 300 |
_a308 p. : _bill. ; _c29 cm. |
||
| 336 |
_2rdacontent _atext _btxt |
||
| 337 |
_2rdamedia _aunmediated _bn |
||
| 338 |
_2rdacarrier _avolume _bnc |
||
| 590 | _aProf. Dr. Yücel Ercan tarafından bağışlanmıştır. | ||
| 650 | 7 |
_aHidrolik akışkanlar _2etuturkob _986782 |
|
| 650 | 0 |
_aHydraulic fluids _986784 |
|
| 650 | 0 |
_aHydraulic engineering _986785 |
|
| 650 | 7 |
_aHidrolik mühendisliği _2etuturkob _986783 |
|
| 650 | 0 |
_aHidrolik türbinler _9124600 |
|
| 700 | 1 |
_aKarcı, H. _986779 |
|
| 700 | 1 |
_aThomas, M. _986780 |
|
| 700 | 1 |
_aSchrader, B. _986781 |
|
| 700 | 1 |
_aSchrader, B. _986781 |
|
| 942 |
_cBK _2lcc |
||